000 00844nam a2200241Ia 4500
008 191130s1998##################000#0#eng##
020 _a9780521633352
022 _a98020610
040 _aACL
_cACL
082 _a330.95105 STE
100 _aSteinfeld, Edward S
245 _aForging reform in China : the fate of state-owned industry
_cEdward S. Steinfeld
260 _aCambridge
_bCambridge University Press
_c1998
300 _axviii, 300 p. : 24 cm
500 _aIncludes bibliographical references (p. 287-294) and index
650 _aChina - Economic conditions - 1976-2000
650 _aChina - Economic policy - 1976-2000
650 _aEconomic stabilization - China
650 _aGovernment business enterprises - China - Management
990 _ae1d5ad02ac10000c7c0c89ffafb1044f
991 _a243584
999 _c186880
_d186880